000 00677nam a22001937a 4500
005 20251108164246.0
008 250721s1987 xx 000 0 ara d
082 1 4 _a621.3841/أمي
100 1 _aفهمي، أمين
245 1 0 _aكاسيت و راديو السيارة :
_bهندسة و صيانة و إصلاح الأعطال /
264 1 _aبيروت :
_bدار الراتب الجامعية،
_c1987.
300 _a123ص : مص
490 0 _aموسوعة عالم الإلكترونيات ؛ 5
650 1 7 _aالهندسة الإلكترونية
650 1 7 _aالراديو
700 1 _aالعامري، فاروق محمد
942 _2ddc
_cBK
999 _c7690
_d7690